LEADER 00818nam0-22003011i-450- 001 990002018910403321 005 20021010 035 $a000201891 035 $aFED01000201891 035 $a(Aleph)000201891FED01 035 $a000201891 100 $a20021010d--------km-y0itay50------ba 101 0 $aita 200 1 $a<>monograph of the british orthoptera.$fJohn Lucas William 210 $aLondon$cRay Society$d1920 215 $a264 p. 25 tav.$d22 cm 610 0 $aOrtotteri 610 0 $aOrtotteroidei 676 $a595.726 700 1$aLucas William,$bJohn$0360141 801 0$aIT$bUNINA$gRICA$2UNIMARC 901 $aBK 912 $a990002018910403321 952 $a61 IV D.3/41$b153$fDAGEN 959 $aDAGEN 996 $aMonograph of the british orthoptera$9405917 997 $aUNINA DB $aING01 LEADER 01026nam a22002651i 4500 001 991001522919707536 005 20030226104125.0 008 030127s1980 it |||||||||||||||||ita 035 $ab12159153-39ule_inst 035 $aARCHE-024895$9ExL 040 $aDip.to Filologia Ling. e Lett.$bita$cA.t.i. Arché s.c.r.l. Pandora Sicilia s.r.l. 082 04$a850.9009 245 04$aGli anni del neorealismo /$ca cura di Claudio Venturi e Antonio Di Cicco 260 $aBologna :$bZanichelli,$c1980 300 $a193 p. ;$c21 cm 440 0$aLavorare su.$pGli autori e i testi dell'Italia repubblicana ;$v1 650 4$aLetteratura italiana$y1945-1960 700 1 $aVenturi, Claudio 700 1 $aDi Cicco, Antonio 907 $a.b12159153$b02-04-14$c01-04-03 912 $a991001522919707536 945 $aLE008 Cr M III 31$g1$i2008000234690$lle008$o-$pE0.00$q-$rl$s- $t0$u0$v0$w0$x0$y.i12490428$z01-04-03 996 $aAnni del neorealismo$9147897 997 $aUNISALENTO 998 $ale008$b01-04-03$cm$da $e-$fita$git $h4$i1 LEADER 01747nas 2200565- 450 001 9910395620203321 005 20240815213014.0 011 $a2719-6542 035 $a(OCoLC)568752005 035 $a(CKB)110978977730963 035 $a(CONSER)--2022233059 035 $a(DE-599)ZDB2467984-7 035 $a(EXLCZ)99110978977730963 100 $a20100323a19589999 o-- - 101 0 $aeng 135 $aurbn||||||abp 135 $aurbn||||||ada 181 $ctxt$2rdacontent 182 $cc$2rdamedia 183 $acr$2rdacarrier 200 00$aArchaeologia Polona 210 1$aWroc?aw :$cPolska Akademia Nauk 210 31$aWarsaw, Poland :$cThe Institute of Archaeology and Ethnology, Polish Academy of Sciences 215 $a1 online resource 300 $aRefereed/Peer-reviewed 311 08$a0066-5924 606 $aArchaeology$vPeriodicals 606 $aArchéologie$vPériodiques 606 $a15.30 archaeology: general$2bcl 606 $aAntiquities$2fast$3(OCoLC)fst00810745 606 $aArchaeology$2fast$3(OCoLC)fst00812938 606 $aArcheologie$2gtt 607 $aPoland$xAntiquities$vPeriodicals 607 $aPologne$xAntiquités$vPériodiques 607 $aPoland$2fast 608 $aPeriodicals.$2fast 615 0$aArchaeology 615 6$aArchéologie 615 7$a15.30 archaeology: general. 615 7$aAntiquities. 615 7$aArchaeology. 615 17$aArcheologie. 676 $a571 676 $a943.8 712 02$aInstytut Historii Kultury Materialnej (Polska Akademia Nauk), 712 02$aInstytut Archeologii i Etnologii (Polska Akademia Nauk), 906 $aJOURNAL 912 $a9910395620203321 996 $aArchaeologia Polona$92175106 997 $aUNINA